Analýza intenzít krýtkodobých dažďov na Slovensku : Dizertačná práca
Saved in:
| Main Author: | |
|---|---|
| Other Authors: | |
| Format: | Manuscript Book |
| Language: | Slovak |
| Published: |
Bratislava :
STU v Bratislave SvF,
2010
|
| Tags: |
No Tags, Be the first to tag this record!
|
MARC
| LEADER | 00000ntm a22000003a 4500 | ||
|---|---|---|---|
| 001 | stu290083 | ||
| 005 | 20160721135651.9 | ||
| 008 | 140529s--------xo------------------slo-d | ||
| 040 | |a STU |b slo | ||
| 041 | 0 | |a slo | |
| 044 | |a xo | ||
| 100 | 1 | |a Bara, Márta |4 aut | |
| 245 | 1 | |a Analýza intenzít krýtkodobých dažďov na Slovensku : |b Dizertačná práca | |
| 260 | |a Bratislava : |b STU v Bratislave SvF, |c 2010 | ||
| 300 | |a 122 s | ||
| 700 | 1 | |a Kohnová, Silvia, |d 1960- |4 ths |u V160 |U SvF Stavebná fakulta |T SvF Katedra vodného hospodárstva krajiny |X 2746 |U V160 |Y 16 |7 A000002746 | |
| 996 | |b 284V036581 |c V*3027/DP-1007 |l VVS |s P |a 0 |w stu290083_0001 | ||